| 000 | 01248nam a22003497a 4500 | ||
|---|---|---|---|
| 003 | CHAP | ||
| 005 | 20220329141023.0 | ||
| 008 | 971013s1996 r 00010 d | ||
| 010 | _a61408 | ||
| 011 | _a62380 | ||
| 035 | _a66554 | ||
| 040 | _cCHAP | ||
| 090 | _aTesis | ||
| 100 | 0 | 0 |
_aAlvarado Rodríguez, Laura. _94820 |
| 245 | _aSituación actual del mercado nacional e internacional de la papaya (Carica papaya L.) | ||
| 260 |
_aChapingo, Méx. : _bEl autor, _c1996 |
||
| 300 |
_a93 h. _b: ilus. ; gráfs. ; anexos |
||
| 502 | _aTesis (Lic. en Comercio Internacional de Productos Agropecuarios) -- UACH. Departamento de Economía Agrícola | ||
| 590 |
_aALEPH _b10 _c20130110 _lUCH01 _h1342 |
||
| 590 |
_aBATCH-UPD _b10 _c20130110 _lUCH01 _h0658 |
||
| 590 |
_aBATCH-UPD _b10 _c20130110 _lUCH01 _h2343 |
||
| 590 |
_aBATCH-UPD _b10 _c20130410 _lUCH01 _h0343 |
||
| 590 |
_aBATCH-UPD _b10 _c20130914 _lUCH01 _h0255 |
||
| 590 |
_aCONVERSION _b10 _c20130109 _lUCH01 _h1333 |
||
| 650 | 1 | 4 |
_aPapaya _xExportación. _985337 |
| 650 | 1 | 4 |
_aPapaya _xMercadeo. _985346 |
| 700 | 0 |
_aArcos Roa, Hector. _96842 |
|
| 901 | _aBK | ||
| 942 | _cFOLL | ||
| 949 |
_bBC _cTES _d-151771 _eTS1 _h29871 _i66554 _si |
||
| 949 |
_bBC _cTES _d33724000624227 _eTS2 _fc.2 _h29872 _i66554 _si |
||
| 999 |
_c61408 _d61408 |
||